000 01537nam a2200337 c 4500
003 BLK
005 20190909172535.0
008 180409b bul|||||r ||||||| ||bul||
010 _aKNG00120744000
040 _aBLK
041 _aBUL
_cBUL
080 _aХудожествена обработка на дърво - Обгаряне (пирография), мозайка (интарзия), стругуване, резбарство, лакиране (Палех, Холуй, Жостово, Мстера, Федоскин
_b745.51
_x
_z745.51
100 1 _aКраус, Фридрих
_eпърви автор
_9314019
700 1 _aФурнаджиев, Иван Стефанов
_eпрев. от нем.
_9314020
139 _aКраус, Фридрих
_bК 89
245 1 0 _aИнтарзия
_bРъководство
_cФридрих Краус; прев. от нем. Иван Стефанов Фурнаджиев.
257 _aBGR
260 София
_bТехника
_c1981
300 _a107 с.
_bс ил., 12 отд. л. сх.
_c21 см
380 _a7
490 1 _aПоредица Направи си сам
650 4 _aДърворезба - наръчници и ръководства
_9279066
653 _aинтарзия
653 _aдърворезба
653 _aмозайки
852 _aЦб 112660
856 4 _qpdf
_u
856 4 _qpdf
_u
942 _cKNG
_n0
_01
944 _aCR
_c12.01.2011
_lдобави в АБ / 11.01.2011
_kНаталия_Медовщикова
944 _aED
_c06.03.2013
_lдобави в АБ / 11.01.2011
_k
999 _c115267
_d115267